B.Sc. biotechnology second year-papaer-II: (Record no. 27990)
[ view plain ]
| 000 -LEADER | |
|---|---|
| fixed length control field | 00912nam a2200241 a 4500 |
| 005 - DATE AND TIME OF LATEST TRANSACTION | |
| control field | 20090630134434.0 |
| 008 - FIXED-LENGTH DATA ELEMENTS--GENERAL INFORMATION | |
| fixed length control field | 010625s2001 ii b 000 0 eng |
| 010 ## - LCCN (DPL NO) | |
| LC control number | ENG-94303 |
| 020 ## - INTERNATIONAL STANDARD BOOK NUMBER | |
| Terms of availability | 100.00 |
| 035 ## - SYSTEM CONTROL NUMBER | |
| System control number | EN-77836 |
| 037 ## - SOURCE OF ACQUISITION | |
| Source of stock number/acquisition | DBAD / PUB |
| 040 ## - CATALOGING SOURCE | |
| Original cataloging agency | dpl |
| Language of cataloging | English |
| 082 ## - DEWEY DECIMAL CLASSIFICATION NUMBER | |
| Classification number | 660.6 |
| 100 ## - MAIN ENTRY--PERSONAL NAME | |
| Personal name | Anjaneyulu, S. |
| 245 ## - TITLE STATEMENT | |
| Title | B.Sc. biotechnology second year-papaer-II: |
| Statement of responsibility, etc | by S. Anjaneyulu [and] Ratna Kumari |
| Remainder of title | (at the end of second year) / |
| 260 ## - PUBLICATION, DISTRIBUTION, ETC. (IMPRINT) | |
| Place of publication, distribution, etc | Guntur |
| Name of publisher, distributor, etc | Jaya Sai Publications |
| Date of publication, distribution, etc | 2007-08 |
| 270 ## - ADDRESS | |
| Address | 11/1, Arundelpet, |
| City | Guntur |
| Postal code | 522002 |
| 300 ## - PHYSICAL DESCRIPTION | |
| Extent | Various pagings |
| Dimensions | 21cm(pbk) |
| 490 ## - SERIES STATEMENT | |
| Series statement | Jaya Sai hi-tech science series |
| 700 ## - ADDED ENTRY--PERSONAL NAME | |
| Personal name | Ratna Kumari |
| 942 ## - ADDED ENTRY ELEMENTS (KOHA) | |
| Source of classification or shelving scheme | Dewey Decimal Classification |
| Item type | English Books |
| Call number suffix | ANJ |
| Classification part | 660.6 |
| Withdrawn status | Lost status | Source of classification or shelving scheme | Damaged status | Not for loan | Collection code | Home library | Current library | Date acquired | Source of acquisition | Cost, normal purchase price | Total Checkouts | Full call number | Barcode | Date last seen | Copy number | Cost, replacement price | Koha item type |
|---|---|---|---|---|---|---|---|---|---|---|---|---|---|---|---|---|---|
| Dewey Decimal Classification | Not For Loan | Non-fiction | D.B.Act.Division | D.B.Act.Division | 30/06/2009 | DBAD / PUB | 100.00 | 660.6 ANJ | EN-77836 | 30/06/2009 | 1 | 100.00 | English Books |
